000 00356nam a2200145Ia 4500
008 230917s9999||||xx |||||||||||||| ||und||
040 _e179394
_aMAIN
041 _aEnglish
082 _a970 H782H
100 _aDavidson, Marshall, ed.
245 0 _aHorizon. 8(1);1966
260 _aNew York
_bAmerican Heritage
_c1966
300 _a119 p.
942 _cBK
999 _c233145
_d233145